An introduction to queueing theory : (Record no. 29399)
[ view plain ]
| 000 -LEADER | |
|---|---|
| fixed length control field | 00572 a2200169 4500 |
| 020 ## - INTERNATIONAL STANDARD BOOK NUMBER | |
| International Standard Book Number | 1402036302 |
| 020 ## - INTERNATIONAL STANDARD BOOK NUMBER | |
| International Standard Book Number | 9781402036309 |
| 082 04 - DEWEY DECIMAL CLASSIFICATION NUMBER | |
| Classification number | 519.82 |
| 090 ## - LOCALLY ASSIGNED LC-TYPE CALL NUMBER (OCLC); LOCAL CALL NUMBER (RLIN) | |
| -- | 773 |
| -- | 773 |
| 100 1# - MAIN ENTRY--PERSONAL NAME | |
| Personal name | Breuer, L. |
| 245 13 - TITLE STATEMENT | |
| Title | An introduction to queueing theory : |
| Remainder of title | and matrix-analytic methods / |
| Statement of responsibility, etc. | L. Breuer, Dieter Baum. |
| 260 ## - PUBLICATION, DISTRIBUTION, ETC. | |
| Place of publication, distribution, etc. | [S.l.] : |
| Name of publisher, distributor, etc. | Springer, |
| Date of publication, distribution, etc. | 2004 |
| 300 ## - PHYSICAL DESCRIPTION | |
| Extent | 271 p. ; |
| Dimensions | 25 cm. |
| 700 1# - ADDED ENTRY--PERSONAL NAME | |
| Personal name | Baum, Dieter. |
| 942 ## - ADDED ENTRY ELEMENTS (KOHA) | |
| Institution code [OBSOLETE] | SNS |
| Koha item type | Book |
| Call number prefix | 512.482 BUM |
| Withdrawn status | Lost status | Damaged status | Not for loan | Permanent Location | Current Location | Date acquired | Total Checkouts | Full call number | Barcode | Date last seen | Price effective from | Koha item type |
|---|---|---|---|---|---|---|---|---|---|---|---|---|
| School of Natural Sciences (SNS) | School of Natural Sciences (SNS) | 05/26/2016 | 512.482 BUM | SNS0000939 | 05/26/2016 | 05/26/2016 | Book |
